A collection of problems on complex analysis

Uloženo v:
Podrobná bibliografie
Hlavní autoři: Volkovyskii, Lev Izrailevich (Autor), Lunts, G. L (Autor), Aramanovich, I. G (Autor)
Médium: Kniha
Jazyk:angličtina
Vydáno: Nueva York Dover Publications Inc 1991
Vydání:1a. ed
Témata:
Tagy: Přidat tag
Žádné tagy, Buďte první, kdo vytvoří štítek k tomuto záznamu!

MARC

LEADER 00000nam a2200000 a 4500
001 UCG0530
003 CL-VaPUC
008 100325e19910000US |||||||||||||||||eng|d
020 |a 0486669130 
082 0 4 |a 515.9  |b VOL  |2 21 
100 0 |a Volkovyskii, Lev Izrailevich  |e author  |9 548008 
700 0 |a Lunts, G. L  |e author  |9 548009 
700 0 |a Aramanovich, I. G  |e author  |9 548010 
245 1 2 |a A collection of problems on complex analysis 
250 |a 1a. ed 
300 |a 426 p 
942 |c BK 
945 |d 20100325 00:00:00  |a dcastane 
260 |a Nueva York  |b Dover Publications Inc  |c 1991 
650 0 |a Análisis complejo   |9 260214 
650 0 |a Funciones de variables complejas  |9 260212 
583 |a last modification  |c 20130325 05:23:31  |k Rodrigo Vera 
999 |c 340151  |d 340149 
952 |0 0  |1 0  |4 0  |6 515_900000000000000_VOL_1991  |7 0  |8 A  |9 434685  |a BIBCUR  |b BIBCUR  |d 2019-11-22  |i 4653858  |l 4  |o 515.9 VOL 1991  |p 4653858  |r 2025-04-22  |s 2024-10-14  |w 2019-11-22  |y BK  |k FIS